[Event "Geller Memorial op"]
[Site "Moscow"]
[Date "2001.??.??"]
[Round "1"]
[White "Solop, Pavel"]
[Black "Zilbert, Oleg"]
[Result "0-1"]
[WhiteElo "2329"]
[BlackElo "2342"]
[PlyCount "80"]
[EventDate "2001.10.26"]
[EventType "swiss"]
[EventRounds "9"]
[EventCountry "RUS"]
[SourceTitle "EXT 2002"]
[Source "ChessBase"]
[SourceDate "2001.11.25"]
[SourceVersion "1"]
[SourceVersionDate "2001.11.25"]
[SourceQuality "1"]

1. e4 e5 2. Nf3 Nc6 3. Bb5 a6 4. Ba4 d6 5. c3 Bd7 6. 0-0 Nge7 7. d4 Ng6 8. Nbd2 Be7 9. Re1 0-0 10. Bc2 Nh4 11. dxe5 dxe5 12. Nxh4 Bxh4 13. Nf3 Be7 14. h3 Bc5 15. b4 Ba7 16. Bb3 Qe7 17. Bd5 Kh8 18. Be3 Rad8 19. Qb3 Bb6 20. a3 h6 21. Bxb6 cxb6 22. c4 Qf6 23. Qe3 Rb8 24. Rad1 Ne7 25. Kh2 g5 26. g3 Kg7 27. Kg2 Ng6 28. Nh2 h5 29. Rd3 Rg8 30. Red1 Ba4 31. R1d2 Kh7 32. Qf3 Nf4+ 33. gxf4 gxf4+ 34. Kh1 Qg5 35. Rd1 Bxd1 36. Rxd1 Rg7 37. c5 Rbg8 38. Ng4 hxg4 39. Qg2 Qh5 40. Qh2 g3 0-1